000 01739nam a22003257a 4500
003 AR-RoUNCS
005 20260326094912.0
007 ta
008 130611s2004 ag gr 001 f spa
015 _aAR-2004
020 _a978-987-383-5
040 _aAR-BaBN
_bspa
_cAR-RoUNCS
_eaacr
041 1 _aspa
_heng
044 _aag
_car-c
080 1 _a82-311.9(410)
_22016
100 1 _aShelley, Mary Wollstonecraft,
_d1797-1851
_eautora
_4aut
245 1 0 _aFrankenstein :
_bversión completa /
_cMary W. Shelley ; traducción y prólogo Antonio Tulián.
250 _a1a ed.
260 _aBuenos Aires :
_bLongseller,
_c©2004.
300 _a317 p. ;
_c18 cm.
490 0 _aClásicos de Siempre. Relatos y Novelas
500 _aEstudio preliminar: Frankenstein o El Prometeo moderno: las dos caras del "monstruo"/ Antonio Tulián.
520 3 _aFrankenstein narra la obsesión de un científico por crear vida a partir de la materia inerte. Manipulando cadáveres deambula entre el cementerio y la morgue y, luego de ciertos experimentos "eléctricos" no explicitados, crea "el monstruo" que paradójicamente nace inocente. El horror y el desprecio de los demás lo recluyen en la soledad, pero a medida que adquiere el lenguaje se hace humano. Aunque ya es tarde: despreciado por su padre comienza a exterminar, uno a uno, a todos los seres queridos que rodean a Víctor. Luego es éste quien corre detrás del monstruo para destruirlo y evitar nuevos males. (Notas del editor)
650 7 _2embne
_aLiteratura inglesa
655 7 _aNovelas góticas
_2embne
655 7 _aNovelas de ciencia ficción
_2embne
655 7 _aNovelas de terror
_2embne
700 1 _aTulián, Antonio
_etraductor
_4trl
_eprologuista
_4aui
942 _2udc
_cOG
_n0
999 _c974
_d974